Профессиональный английский язык: проектный менеджмент для инженеров: учебное пособие; в 2 ч.

Bibliographic Details
Corporate Authors: Томский политехнический университет (ТПУ), Национальный исследовательский Томский политехнический университет (ТПУ)
Language:English
Published: Томск, Изд-во ТПУ, 2010
Edition:4-е изд.
Format: Book
KOHA link:https://koha.lib.tpu.ru/cgi-bin/koha/opac-detail.pl?biblionumber=163099

MARC

LEADER 00000nlm1a2200000 4500
001 163099
005 20250604141101.0
035 |a (RuTPU)RU\TPU\book\176920 
090 |a 163099 
100 |a 20090707d2010 m y0rusy50 ca 
101 0 |a eng 
102 |a RU 
181 0 |a i  
182 0 |a b 
200 1 |a Профессиональный английский язык: проектный менеджмент для инженеров  |e учебное пособие  |e в 2 ч.  |f И. А. Черемисина, Б. К. Темпл  |g Томский политехнический университет (ТПУ) ; Национальный исследовательский Томский политехнический университет (ТПУ) 
203 |a Текст  |c электронный 
205 |a 4-е изд. 
210 |a Томск  |c Изд-во ТПУ  |d 2010 
452 1 |0 (RuTPU)RU\TPU\book\218201  |t Профессиональный английский язык: проектный менеджмент для инженеров  |o учебное пособие  |o в 2 ч.  |f И. А. Черемисина, Б. К. Темпл  |g Национальный исследовательский Томский политехнический университет (ТПУ)  |e 4-е изд.  |c Томск  |n Изд-во ТПУ  |d 2010  |a Черемисина, Инна Алексеевна 
712 0 2 |a Томский политехнический университет (ТПУ)  |c (1991- )  |3 (RuTPU)RU\TPU\col\376 
712 0 2 |a Национальный исследовательский Томский политехнический университет (ТПУ)  |c (2009- )  |3 (RuTPU)RU\TPU\col\15902 
801 1 |a RU  |b 63413507  |c 20090707  |g PSBO 
801 2 |a RU  |b 63413507  |c 20110909  |g RCR 
850 |a 63413507 
942 |c CF